Central Library OPAC University of Rajshahi

দুর্বৃত্তপনা রাজনীতির বাংলাদেশের কিছু হাল-হকিকত / (Record no. 59896)

MARC details
000 -LEADER
fixed length control field 00938nam a2200229 a 4500
001 - CONTROL NUMBER
control field 59896
003 - CONTROL NUMBER IDENTIFIER
rucl marc code BD-RjUL
005 - DATE AND TIME OF LATEST TRANSACTION
control field 20211209080759.0
008 - FIXED-LENGTH DATA ELEMENTS--GENERAL INFORMATION
fixed length control field 161227s2006 bg ||||| |||| 00| 0 ben d
020 ## - INTERNATIONAL STANDARD BOOK NUMBER
International Standard Book Number 9843230818
Terms of availability : Tk. 100.00
035 ## - SYSTEM CONTROL NUMBER
System control number (BD-RjUL) 60020
040 ## - CATALOGING SOURCE
Original cataloging agency BD-RjUL
Language of cataloging ben
Transcribing agency BD-RjUL
041 ## - LANGUAGE CODE
Language code of text/sound track or separate title ben
082 ## - DEWEY DECIMAL CLASSIFICATION NUMBER
Edition number 23
Classification number 364.131
Author mark and year HOD 2006
100 1# - MAIN ENTRY--PERSONAL NAME
Personal name হোসেন, মোহাম্মদ আজাম্মুল
9 (RLIN) 175793
245 10 - TITLE STATEMENT
Title দুর্বৃত্তপনা রাজনীতির বাংলাদেশের কিছু হাল-হকিকত /
Statement of responsibility, etc. মোহাম্মদ আজাম্মুল হোসেন
260 ## - PUBLICATION, DISTRIBUTION, ETC. (IMPRINT)
Place of publication, distribution, etc. ঢাকা :
Name of publisher, distributor, etc. নাফি পাবলিকেশন,
Date of publication, distribution, etc. ২০০৬
300 ## - PHYSICAL DESCRIPTION
Pagination [৮], ১৬৩পৃ. ;
Size ২১ সেমি.
650 ## - SUBJECT ADDED ENTRY--TOPICAL TERM
Topical term or geographic name as entry element রাজনৈতিক অপরাধ
9 (RLIN) 178187
Topical term or geographic name as entry element Political Offenses
9 (RLIN) 178188
942 ## - ADDED ENTRY ELEMENTS (KOHA)
Source of classification or shelving scheme Dewey Decimal Classification
Koha item type Books
Holdings
Lost status Source of classification or shelving scheme Damaged status Not for loan Collection code Permanent Location Current Location Shelving location Date acquired Total Checkouts Full call number Date last seen Copy number Koha item type
  Dewey Decimal Classification   Not For Loan Non-fiction Central Library, University of Rajshahi Central Library, University of Rajshahi Reading Room 24/09/2006   B 364.131 HOD 2006 27/12/2016 C-1 Books